000 00582nam a22002297a 4500
001 29077
003 UA-OsUOA
005 20210916140925.0
007 ta
008 20050525b un ||||| |||| 00| 0 ukr d
040 _aUA-OsUOA
_brus
_cUA-OsUOA
_dUA-OsUOA
041 _arus
044 _aRU
080 _a94(47+57)
090 _a94(47+57)
_bС60
245 _aИстория России с древнейших времен
_cред. И. Д. Ковальченко
260 _aМ.
_bМысль
_c1988
300 _a765 с.
650 7 _2UDC
942 _cBK
_2udc
955 _a0
999 _c315456
_d315456